Statistics for Does this U.S. city exist? #2

Click here to take the quiz!

General Stats

  • This quiz has been taken 6 times
  • The average score is 7 of 15

Answer Stats

QuestionAnswer% Correct
Coffeeville, AlabamaYes
80%
Roundup, MontanaYes
80%
Pillow, North DakotaNo
60%
France, MaineNo
60%
Whynot, North CarolinaYes
60%
Yah-Ta-Hey, New MexicoYes
60%
Browardsville, PennsylvaniaNo
40%
Viewsville, NebraskaNo
40%
Steptoe, NevadaYes
40%
Braintree, VermontYes
40%
Richardson, KansasNo
20%
Starburry, ArkansasNo
20%
Turkey, TexasYes
20%
Egypt, GeorgiaYes
20%
Klickitat, WashingtonYes
20%

Score Distribution

Percentile by Number Answered

Percent of People with Each Score

Your Score History

You have not taken this quiz